<?xml version="1.0" encoding="UTF-8"?>
<collection xmlns="http://www.loc.gov/MARC21/slim">
 <record>
  <leader>00632pamaa2200169   4500</leader>
  <controlfield tag="001">0000031870</controlfield>
  <controlfield tag="005">20100514090000.0</controlfield>
  <controlfield tag="008">090826                             eng  </controlfield>
  <datafield tag="020" ind1="0" ind2="0">
   <subfield code="a">0964641127 (pbk.) </subfield>
  </datafield>
  <datafield tag="090" ind1="0" ind2="0">
   <subfield code="a">QP751 </subfield>
   <subfield code="b">ILI 2000</subfield>
  </datafield>
  <datafield tag="245" ind1="1" ind2="4">
   <subfield code="a">The ILIB lipid handbook for clinical practice : </subfield>
   <subfield code="b">blood lipids and coronary heart disease  </subfield>
   <subfield code="c">Antonio M. Gotto...[et all].</subfield>
  </datafield>
  <datafield tag="250" ind1="0" ind2="0">
   <subfield code="a">2nd ed.</subfield>
  </datafield>
  <datafield tag="260" ind1="0" ind2="0">
   <subfield code="a">New York: </subfield>
   <subfield code="b">International Lipid Information Bureau, </subfield>
   <subfield code="c">2000.</subfield>
  </datafield>
  <datafield tag="300" ind1=" " ind2=" ">
   <subfield code="a">ix, 248p: </subfield>
   <subfield code="b">ill.; </subfield>
   <subfield code="c">20 cm.</subfield>
  </datafield>
  <datafield tag="504" ind1="0" ind2="0">
   <subfield code="a">Includes bibliographical references and index</subfield>
  </datafield>
  <datafield tag="650" ind1="0" ind2="0">
   <subfield code="a">Lipids -- </subfield>
   <subfield code="x">Handbooks, manuals, etc </subfield>
  </datafield>
  <datafield tag="700" ind1="1" ind2="1">
   <subfield code="a">Gotto, </subfield>
   <subfield code="h">Antonio M. </subfield>
  </datafield>
 </record>
</collection>
